Cornerstones of cost management / (Record no. 17394)
[ view plain ]
| 000 -LEADER | |
|---|---|
| fixed length control field | 00711nam a22002177a 4500 |
| 008 - FIXED-LENGTH DATA ELEMENTS--GENERAL INFORMATION | |
| fixed length control field | 130324s2012 ohu||||| |||| 001 0 eng d |
| 020 ## - INTERNATIONAL STANDARD BOOK NUMBER | |
| International Standard Book Number | 9781133584476 |
| 020 ## - INTERNATIONAL STANDARD BOOK NUMBER | |
| International Standard Book Number | 1133584470 |
| 082 ## - DEWEY DECIMAL CLASSIFICATION NUMBER | |
| Classification number | 657.42 |
| Item number | HAN |
| Edition number | 23 |
| 100 ## - MAIN ENTRY--PERSONAL NAME | |
| Personal name | Hansen, Don R. |
| 9 (RLIN) | 2229 |
| 245 ## - TITLE STATEMENT | |
| Title | Cornerstones of cost management / |
| Statement of responsibility, etc | Don R. Hansen, Maryanne M. Mowen. |
| 250 ## - EDITION STATEMENT | |
| Edition statement | 2nd ed. |
| Remainder of edition statement | International Edition |
| 260 ## - PUBLICATION, DISTRIBUTION, ETC. (IMPRINT) | |
| Place of publication, distribution, etc | Australia ; Mason, OH : |
| Name of publisher, distributor, etc | South-Western, Cengage Learning, |
| Date of publication, distribution, etc | c2012. |
| 300 ## - PHYSICAL DESCRIPTION | |
| Extent | xx, 1100 p. ; |
| Other physical details | col. ill. ; |
| Dimensions | 26 cm. |
| 500 ## - GENERAL NOTE | |
| General note | Include index. |
| 650 ## - SUBJECT ADDED ENTRY--TOPICAL TERM | |
| Topical term or geographic name as entry element | Cost accounting |
| 9 (RLIN) | 32952 |
| 650 ## - SUBJECT ADDED ENTRY--TOPICAL TERM | |
| Topical term or geographic name as entry element | Managerial accounting |
| 9 (RLIN) | 32953 |
| 653 ## - INDEX TERM--UNCONTROLLED | |
| Resource For college | |
| 700 ## - ADDED ENTRY--PERSONAL NAME | |
| Personal name | Mowen, Maryanne M. |
| 9 (RLIN) | 2230 |
| 942 ## - ADDED ENTRY ELEMENTS (KOHA) | |
| Source of classification or shelving scheme | Dewey Decimal Classification |
| Item type | Book - Borrowing |
| Call number prefix | 657.42 HAN |
| Withdrawn status | Item status | Source of classification or shelving scheme | Damaged status | Not for loan | Vendor | Home library | Current library | Shelving location | Date acquired | Source of acquisition | Cost, normal purchase price | Total Checkouts | Full call number | Barcode | Date last seen | Cost, replacement price | Koha item type | Total Renewals | Date last borrowed | Materials specified (bound volume or other part) |
|---|---|---|---|---|---|---|---|---|---|---|---|---|---|---|---|---|---|---|---|---|
| Dewey Decimal Classification | Baccah | Central Library | Central Library | First floor | 24/03/2013 | 200.00 | 657.42 HAN | 000028602 | 15/07/2025 | 225.00 | NB - Book (Non borrowing) | |||||||||
| Dewey Decimal Classification | Baccah | Central Library | Central Library | First floor | 24/03/2013 | 200.00 | 10 | 657.42 HAN | 000028603 | 15/07/2025 | 225.00 | Book - Borrowing | 64 | 11/02/2020 | ||||||
| Dewey Decimal Classification | Baccah | Central Library | Central Library | First floor | 24/03/2013 | 200.00 | 13 | 657.42 HAN | 000028604 | 15/07/2025 | 225.00 | Book - Borrowing | 151 | 04/03/2020 | ||||||
| Dewey Decimal Classification | Baccah | Central Library | Central Library | First floor | 24/03/2013 | 200.00 | 17 | 657.42 HAN | 000028605 | 15/07/2025 | 225.00 | Book - Borrowing | 67 | 22/02/2020 | ||||||
| Dewey Decimal Classification | Baccah | Central Library | Central Library | First floor | 24/03/2013 | 200.00 | 12 | 657.42 HAN | 000028606 | 15/07/2025 | 225.00 | Book - Borrowing | 87 | 01/03/2020 | ||||||
| Lost | Dewey Decimal Classification | Baccah | Central Library | Central Library | First floor | 24/03/2013 | 200.00 | 14 | 657.42 HAN | 000028607 | 24/08/2022 | 225.00 | Book - Borrowing | 41 | 16/04/2019 | Lost_In_Inventory_12-2-2024 | ||||
| Dewey Decimal Classification | Baccah | Central Library | Central Library | First floor | 24/03/2013 | 200.00 | 11 | 657.42 HAN | 000028608 | 15/07/2025 | 225.00 | Book - Borrowing | 89 | 11/03/2020 |